000 01449 am a2200457 a 4500
005 20240220103831.0
008 100618r19952003ag a f |||| 001 0 spa d
020 _a9500203561
041 _aspa
092 _c618
_l60
_sOBS
245 _aObstetricia /
_cRicardo Schwarcz
250 _a5a ed. reimp.
260 _aBuenos Aires:
_bEl Ateneo;
_c2003.
300 _a621 p.
_c26x18 cm.
500 _aSchwarcz, R. et al. (2003). Obstetricia. (5a ed.). Buenos Aires : El Ateneo.
653 _aAnatomía del aparato genital femenino
653 _aOrigen y desarrollo del embarazo
653 _aCanal del parto y móvil fetal
653 _aModificaciones de la anatomía y fisiología materna producidas por el embarazo
653 _aExamen de la mujer grávida
653 _aAlto riesgo perinatal
653 _aControl prenatal
653 _aEmbarazo patológico
653 _aEnfermedades maternas inducidas por el embarazo o que lo complican
653 _aInmunohematología obstétrica
653 _aParto normal
653 _aParto patológico
653 _aOperaciones obstétricas
700 1 _aSchwarcz, Ricardo
_91046
700 1 _aDuverges, Carlos Alberto.
_91047
700 1 _aDíaz, Ángel Gonzalo.
_91048
700 1 _aFescina, Ricardo Horacio.
_91049
930 _a1673
930 _a1307
930 _a1221
930 _a1220
930 _a939
930 _a928
930 _a927
942 _2ddc
_cBK
999 _c384
_d384